000 00368nam a2200121 4500
999 _c14351
_d14351
008 190913b ||||| |||| 00| 0 eng d
100 _939578
_aCinco, Maricar.
245 _aEntrepreneurs get a lifeline/
_cMaricar Cinco.
260 _aPhilippines:
_bPhilippine Daily Inquirer;
_c©2019.
300 _apage B2-3.
650 0 _939579
_aEntrepreneurship.
942 _2ddc
_cPER